| 000 | 00497nam a2200193Ia 4500 | ||
|---|---|---|---|
| 003 | OSt | ||
| 005 | 20140311163110.0 | ||
| 008 | 140130s9999 xx 000 0 und d | ||
| 050 |
_aPZ 7 _b.M26575Er 2000 |
||
| 100 |
_aMadrigal, Antonio Hernandez _930819 |
||
| 245 |
_aErandi's Braid's / _cAntonio Hernandez Madrigal. |
||
| 260 |
_bScholastic, _c1999. _aNew York |
||
| 300 | _bcol. ill. ; | ||
| 440 |
_v1 _930820 |
||
| 521 | _aG3 | ||
| 526 | _c500 | ||
| 942 |
_cBK-SCHOLAS _2lcc |
||
| 999 |
_c40530 _d40530 |
||